000 00573nam a2200157 i 4500
001 152714
003 ES-MaACL
005 20230911063143.0
008 931025s1839 sp |||| | spa d
100 1 _aBretón de los Herreros, Manuel,
_d1796-1873
_931637
245 1 3 _aEl novio y el concierto
_b: comedia-zarzuela en un acto /
_cpor Manuel Breton de los Herreros.
260 _aMadrid :
_b[s.n.],
_c1839 (
_fImprenta de Yenes)
300 _a38 p. ;
_c19 cm.
852 _aES-MaACL
_jF-8823(2)
_z-- Enc. hol., falto de la cub. original
999 _c152714
_d152714